MARC

LEADER 00000nam0a2200000 4500
001 327369
005 20231102003943.0
035 |a (RuTPU)RU\TPU\book\353029 
090 |a 327369 
100 |a 20170128d1937 km y0rusy50 ca 
101 0 |a rus 
102 |a RU 
105 |a a g 000zy 
200 1 |a Путеводитель по Федосийской картинной галлерее имени И. К. Айвазовского  |f сост. С. А. Барсамова 
210 |a Феодосия  |c Государственное изд-во Крым. АССР  |d 1937 
215 |a 38 с.  |c ил. 
606 1 |a Искусство  |x Музеи. Постоянные выставки  |2 stltpush  |3 (RuTPU)RU\TPU\subj\73448  |9 86449 
610 1 |a путеводители 
610 1 |a Феодосия 
610 1 |a картинные галереи 
610 1 |a Крым 
610 1 |a музейные коллекции 
610 1 |a музейные экспозиции 
675 |a 7(069)  |v 4 
702 1 |a Барсамова  |b С. А.  |4 220 
801 1 |a RU  |b 63413507  |c 20170128 
801 2 |a RU  |b 63413507  |c 20201005  |g RCR 
942 |c BK